[Event "Budapest FS10 IM"]
[Site "Budapest"]
[Date "2022.10.08"]
[Round "7"]
[White "Lyell, Mark"]
[Black "Dudognon, Thibault"]
[Result "1/2-1/2"]
[WhiteElo "2232"]
[BlackElo "2338"]
[PlyCount "100"]
[EventDate "2022.10.01"]
[EventType "tourn"]
[EventRounds "9"]
[EventCountry "HUN"]
[SourceTitle "CBM 210 Extra"]
[Source "ChessBase"]
[SourceDate "2022.11.30"]
[SourceVersion "1"]
[SourceVersionDate "2022.11.30"]
[SourceQuality "1"]

1. e4 c5 2. Nc3 d6 3. f4 g6 4. Nf3 Bg7 5. Bb5+ Bd7 6. a4 Nc6 7. d3 a6 8. Bxc6 Bxc6 9. a5 Nf6 10. 0-0 b5 11. axb6 Qxb6 12. Qe1 a5 13. b3 Nd7 14. Na4 Qa7 15. Ra2 Nb6 16. Nxb6 Qxb6 17. Bd2 a4 18. bxa4 Rxa4 19. Ba5 Qb7 20. Rxa4 Bxa4 21. Bc3 Bxc3 22. Qxc3 0-0 23. Ra1 Bc6 24. h4 Rb8 25. h5 Qb2 26. Qxb2 Rxb2 27. h6 f6 28. Ra6 Bb7 29. Ra7 Kf7 30. g4 d5 31. exd5 Bxd5 32. Ne1 Be6 33. g5 c4 34. dxc4 fxg5 35. fxg5 Bxc4 36. Rc7 Be6 37. Nd3 Rb5 38. Rc5 Rb1+ 39. Kf2 Bf5 40. Ne5+ Ke6 41. Nc4 Rh1 42. Re5+ Kf7 43. Ne3 Rh5 44. Nxf5 gxf5 45. Rxf5+ Kg6 46. Rc5 e5 47. c4 Rxg5 48. Rc6+ Kf5 49. Rc7 Kg6 50. Rc6+ Kf5 1/2-1/2

[Event "Budapest FS10 IM"]
[Site "Budapest"]
[Date "2022.10.05"]
[Round "5"]
[White "Lyell, Mark"]
[Black "Szeberenyi, Adam"]
[Result "0-1"]
[WhiteElo "2232"]
[BlackElo "2327"]
[PlyCount "68"]
[EventDate "2022.10.01"]
[EventType "tourn"]
[EventRounds "9"]
[EventCountry "HUN"]
[SourceTitle "CBM 210 Extra"]
[Source "ChessBase"]
[SourceDate "2022.11.30"]
[SourceVersion "1"]
[SourceVersionDate "2022.11.30"]
[SourceQuality "1"]

1. e4 c5 2. Nc3 Nc6 3. f4 g6 4. Nf3 Bg7 5. a4 e6 6. e5 d5 7. d4 Bf8 8. Be3 c4 9. Be2 h5 10. Bf2 Be7 11. h3 h4 12. Qd2 Nh6 13. Ng5 Qb6 14. Bg4 Bd7 15. 0-0 Bb4 16. Qc1 Ne7 17. Nd1 Nef5 18. c3 Be7 19. Ne3 Nxe3 20. Qxe3 a5 21. Rfb1 Nxg4 22. hxg4 Qb3 23. f5 gxf5 24. gxf5 Qc2 25. f6 Bf8 26. Qf4 Qg6 27. Nh3 Bxa4 28. Bxh4 Bc2 29. Rf1 Bf5 30. Nf2 Qh5 31. Bg3 Rg8 32. Nd1 Qg6 33. Rf3 Bg4 34. Re3 Bh6 0-1

[Event "Budapest FS09 IM"]
[Site "Budapest"]
[Date "2022.09.08"]
[Round "6"]
[White "Lyell, Mark"]
[Black "Szalay Ocsak, Bank"]
[Result "1-0"]
[WhiteElo "2176"]
[BlackElo "2129"]
[PlyCount "49"]
[EventDate "2022.09.03"]
[EventType "tourn"]
[EventRounds "11"]
[EventCountry "HUN"]
[EventCategory "2"]
[SourceTitle "CBM 210 Extra"]
[Source "ChessBase"]
[SourceDate "2022.11.30"]
[SourceVersion "1"]
[SourceVersionDate "2022.11.30"]
[SourceQuality "1"]

1. e4 c5 2. Nc3 d6 3. f4 g6 4. Nf3 Bg7 5. Bb5+ Bd7 6. a4 Nc6 7. d3 a6 8. Bxc6 Bxc6 9. a5 b5 10. axb6 Qxb6 11. Nd2 Nf6 12. Nc4 Qc7 13. Na5 0-0 14. 0-0 Rab8 15. Qe1 e6 16. b3 Nd7 17. Bb2 Rfe8 18. Nd1 Bxb2 19. Nxb2 d5 20. e5 Bb5 21. c4 Bc6 22. Nd1 d4 23. Nf2 f5 24. exf6 Nxf6 25. Qe5 1-0

[Event "Budapest FS09 IM"]
[Site "Budapest"]
[Date "2022.09.06"]
[Round "4"]
[White "Dev, Shah"]
[Black "Lyell, Mark"]
[Result "0-1"]
[WhiteElo "2314"]
[BlackElo "2176"]
[PlyCount "70"]
[EventDate "2022.09.03"]
[EventType "tourn"]
[EventRounds "11"]
[EventCountry "HUN"]
[EventCategory "2"]
[SourceTitle "CBM 210 Extra"]
[Source "ChessBase"]
[SourceDate "2022.11.30"]
[SourceVersion "1"]
[SourceVersionDate "2022.11.30"]
[SourceQuality "1"]

1. d4 f5 2. g3 Nf6 3. Bg2 e6 4. c4 Be7 5. Qc2 0-0 6. Nd2 Nc6 7. Ngf3 d6 8. 0-0 e5 9. d5 Nb4 10. Qc3 c5 11. a3 a5 12. b3 Na6 13. Bb2 Bd7 14. a4 Nb4 15. Rad1 Qe8 16. Ne1 Qh5 17. f3 Qg6 18. Nd3 h5 19. Kh1 h4 20. gxh4 Nh5 21. Rg1 Nxd3 22. Qxd3 Nf4 23. Qe3 Qh5 24. Nf1 Bxh4 25. Bc3 Rf6 26. Be1 Rg6 27. Bxh4 Qxh4 28. Qd2 Kf7 29. e3 Nh5 30. Qe1 Qxe1 31. Rxe1 f4 32. exf4 Nxf4 33. Ne3 Rh8 34. Ng4 Bxg4 35. fxg4 Rgh6 0-1

[Event "Budapest Aranytiz IM"]
[Site "Budapest"]
[Date "2022.08.25"]
[Round "7"]
[White "Lyell, Mark"]
[Black "Dovzik, Juri"]
[Result "1/2-1/2"]
[WhiteElo "2226"]
[BlackElo "2273"]
[PlyCount "149"]
[EventDate "2022.08.18"]
[EventType "tourn"]
[EventRounds "9"]
[EventCountry "HUN"]
[SourceTitle "CBM 209 Extra"]
[Source "ChessBase"]
[SourceDate "2022.09.30"]
[SourceVersion "1"]
[SourceVersionDate "2022.09.30"]
[SourceQuality "1"]

1. e4 c5 2. Nc3 Nc6 3. f4 e6 4. Nf3 d5 5. Bb5 Nge7 6. exd5 Nxd5 7. 0-0 Bd7 8. f5 Nc7 9. fxe6 Nxe6 10. Qe2 Be7 11. Nd5 0-0 12. Nxe7+ Qxe7 13. b3 Rae8 14. Bb2 a6 15. Bxc6 Bxc6 16. Rae1 f6 17. Nh4 Qd7 18. Qg4 Ng5 19. Qxd7 Bxd7 20. d3 b6 21. Bc1 Nf7 22. Nf3 Nd6 23. Kf2 Kf7 24. Bf4 Nc8 25. Nd2 Bc6 26. Nc4 Bd5 27. Nd6+ Nxd6 28. Bxd6 Rxe1 29. Rxe1 Re8 30. Rxe8 Kxe8 31. c4 Kd7 32. Bf8 Bf7 33. Bxg7 f5 34. Be5 Bh5 35. Ke3 Bd1 36. Kd2 Bh5 37. Kc3 Kc6 38. a3 Be2 39. b4 Bf1 40. g3 Be2 41. d4 cxd4+ 42. Kxd4 b5 43. c5 Bg4 44. Bf4 h5 45. Ke5 Bh3 46. Ke6 Bg4 47. Ke7 Bf3 48. Kd8 Kb7 49. Kd7 Bg2 50. Kd6 Bf3 51. c6+ Bxc6 52. Ke6 Be4 53. Kf6 Kc6 54. Kg5 Bf3 55. Kxf5 Kd7 56. Kg6 Bg4 57. h3 Bxh3 58. Kxh5 Ke8 59. g4 Kf7 60. Kg5 Kg8 61. Be5 Bf1 62. Kf6 Be2 63. g5 Bd3 64. Ke6 Bc2 65. Kd6 Kf7 66. Kc5 Kg6 67. Bf6 Ba4 68. Kb6 Kf7 69. Kxa6 Kg6 70. Kb6 Kf7 71. Kc5 Kg6 72. Bd8 Kh5 73. Kd6 Kg6 74. Ke5 Bd1 75. Ke4 1/2-1/2

[Event "Budapest FS08 IM"]
[Site "Budapest"]
[Date "2022.08.13"]
[Round "7"]
[White "Katzir, Moshe"]
[Black "Lyell, Mark"]
[Result "1-0"]
[WhiteElo "2167"]
[BlackElo "2226"]
[PlyCount "101"]
[EventDate "2022.08.06"]
[EventType "tourn"]
[EventRounds "9"]
[EventCountry "HUN"]
[SourceTitle "CBM 209 Extra"]
[Source "ChessBase"]
[SourceDate "2022.09.30"]
[SourceVersion "1"]
[SourceVersionDate "2022.09.30"]
[SourceQuality "1"]

1. e4 c6 2. d4 d5 3. exd5 cxd5 4. Bf4 Nc6 5. c3 Bf5 6. Bd3 Bxd3 7. Qxd3 e6 8. Nf3 Nge7 9. Nbd2 Ng6 10. Bg3 h5 11. h4 a6 12. Ng5 Nce7 13. 0-0-0 Nf5 14. Rde1 Qf6 15. Ndf3 Bd6 16. Nxf7 Qxf7 17. Ng5 Bf4+ 18. Bxf4 Nxf4 19. Qd2 Qc7 20. g3 Kd7 21. gxf4 Rae8 22. Rhg1 Rh6 23. Nf3 Kc8 24. Rg5 Nd6 25. Qe2 Ne4 26. Re5 Qf7 27. f5 exf5 28. Ng5 Qd7 29. Rxe8+ Qxe8 30. f3 Qa4 31. fxe4 dxe4 32. Kb1 Rb6 33. Qxh5 Kb8 34. Qf7 Qc6 35. Qxg7 Ka7 36. d5 Qd6 37. Qd4 Qh2 38. c4 Qxh4 39. Qg1 Qf4 40. Rc1 e3 41. Ne6 Qe4+ 42. Ka1 Qe5 43. Rc2 f4 44. Qg2 a5 45. c5 Rxe6 46. dxe6 Qxe6 47. c6 Qd6 48. Rc1 bxc6 49. Qg5 e2 50. Qg1+ Kb7 51. Qg2 1-0

[Event "Budapest FS08 IM"]
[Site "Budapest"]
[Date "2022.08.12"]
[Round "6"]
[White "Lyell, Mark"]
[Black "Wu, Rochelle"]
[Result "0-1"]
[WhiteElo "2226"]
[BlackElo "2195"]
[PlyCount "92"]
[EventDate "2022.08.06"]
[EventType "tourn"]
[EventRounds "9"]
[EventCountry "HUN"]
[SourceTitle "CBM 209 Extra"]
[Source "ChessBase"]
[SourceDate "2022.09.30"]
[SourceVersion "1"]
[SourceVersionDate "2022.09.30"]
[SourceQuality "1"]

1. e4 c5 2. Nc3 d6 3. f4 g6 4. Nf3 Bg7 5. Bb5+ Bd7 6. a4 Nc6 7. d3 a6 8. Bxc6 Bxc6 9. a5 e6 10. f5 exf5 11. exf5 Qe7+ 12. Kf2 0-0-0 13. Re1 Qd7 14. fxg6 hxg6 15. Kg1 Nh6 16. Ne4 f5 17. Neg5 Rde8 18. c3 Ng4 19. Bf4 Rxe1+ 20. Qxe1 Re8 21. Qg3 Re2 22. Re1 Rxb2 23. d4 Bxf3 24. Nxf3 cxd4 25. cxd4 Qa4 26. h3 Bxd4+ 27. Nxd4 Qxd4+ 28. Kh1 Nf2+ 29. Kh2 Nd3 30. Rd1 Qxf4 31. Rxd3 Qxg3+ 32. Rxg3 Rb5 33. Rxg6 Kc7 34. h4 Rxa5 35. Kg3 Ra1 36. Rf6 b5 37. h5 b4 38. Rxf5 Rh1 39. Kg4 b3 40. Rf2 a5 41. Kg5 a4 42. Rb2 Kc6 43. h6 Kc5 44. Kg6 Kc4 45. Rf2 a3 46. Rf4+ Kc5 0-1

[Event "Budapest FS08 IM"]
[Site "Budapest"]
[Date "2022.08.06"]
[Round "1"]
[White "Lyell, Mark"]
[Black "Ilincic, Zlatko"]
[Result "0-1"]
[WhiteElo "2226"]
[BlackElo "2321"]
[PlyCount "104"]
[EventDate "2022.08.06"]
[EventType "tourn"]
[EventRounds "9"]
[EventCountry "HUN"]
[SourceTitle "CBM 209 Extra"]
[Source "ChessBase"]
[SourceDate "2022.09.30"]
[SourceVersion "1"]
[SourceVersionDate "2022.09.30"]
[SourceQuality "1"]

1. e4 c5 2. Nc3 Nc6 3. f4 e6 4. Nf3 Nd4 5. Nb5 Nxb5 6. Bxb5 a6 7. Be2 d5 8. e5 Ne7 9. c3 Nf5 10. 0-0 h5 11. Bd3 g6 12. Bxf5 gxf5 13. d4 cxd4 14. Qxd4 Bd7 15. Qf2 b5 16. Be3 Qc7 17. Nd4 a5 18. Rfc1 h4 19. Nf3 h3 20. g3 Be7 21. Bd4 Qb7 22. Rc2 Rc8 23. Rac1 Rc6 24. a3 Qc7 25. Ne1 Bc8 26. Nd3 Ba6 27. b4 Kd7 28. Bc5 Bxc5 29. Nxc5+ Rxc5 30. bxc5 Rc8 31. Rd2 Qxc5 32. Qxc5 Rxc5 33. Rd4 Rc8 34. Kf2 Kc6 35. a4 Kb6 36. axb5 Bxb5 37. Ke3 Bc4 38. Rb1+ Kc6 39. Rd2 a4 40. Ra1 Kb5 41. Rd4 Ka5 42. Kd2 Rb8 43. Kc2 Rb3 44. Rdd1 a3 45. Rdb1 Ka4 46. Rxb3 Bxb3+ 47. Kc1 d4 48. cxd4 Kb4 49. Kd2 a2 50. Re1 Ka3 51. Kc3 Bd5 52. Kc2 Be4+ 0-1

[Event "Budapest Vezerkepzo IM 07"]
[Site "Budapest"]
[Date "2022.07.25"]
[Round "8"]
[White "To, Nhat Minh"]
[Black "Lyell, Mark"]
[Result "1/2-1/2"]
[WhiteElo "2335"]
[BlackElo "2140"]
[PlyCount "51"]
[EventDate "2022.07.18"]
[EventType "tourn"]
[EventRounds "9"]
[EventCountry "HUN"]
[SourceTitle "CBM 209 Extra"]
[Source "ChessBase"]
[SourceDate "2022.09.30"]
[SourceVersion "1"]
[SourceVersionDate "2022.09.30"]
[SourceQuality "1"]

1. d4 Nf6 2. c4 e6 3. Nf3 d5 4. Nc3 Bb4 5. cxd5 exd5 6. Bg5 h6 7. Bh4 0-0 8. e3 Bf5 9. Be2 Nbd7 10. Ne5 g5 11. Bg3 Ne4 12. Qb3 c5 13. Nxd7 Qxd7 14. dxc5 Bxc3+ 15. bxc3 Rac8 16. Be5 Nxc5 17. Qd1 Rfe8 18. Bd4 Ne6 19. Bf6 Nc5 20. Rc1 a6 21. 0-0 Rc6 22. Bd4 Ne6 23. Be5 Nc5 24. Bd4 Ne6 25. Be5 Nc5 26. Bd4 1/2-1/2

[Event "Budapest Vezerkepzo IM 07"]
[Site "Budapest"]
[Date "2022.07.24"]
[Round "7"]
[White "Lyell, Mark"]
[Black "Aslanov, Umid Fuad"]
[Result "1-0"]
[WhiteElo "2140"]
[BlackElo "2193"]
[PlyCount "87"]
[EventDate "2022.07.18"]
[EventType "tourn"]
[EventRounds "9"]
[EventCountry "HUN"]
[SourceTitle "CBM 209 Extra"]
[Source "ChessBase"]
[SourceDate "2022.09.30"]
[SourceVersion "1"]
[SourceVersionDate "2022.09.30"]
[SourceQuality "1"]

1. e4 c5 2. c3 Nf6 3. e5 Nd5 4. Nf3 d6 5. Bc4 dxe5 6. Nxe5 e6 7. 0-0 Bd6 8. d4 0-0 9. Nd2 cxd4 10. cxd4 Qc7 11. Qe2 a6 12. Ndf3 f6 13. Ng4 b5 14. Bb3 Nc6 15. Bd2 Qf7 16. Rac1 Nce7 17. Rfe1 Bd7 18. g3 a5 19. Nh4 a4 20. Bc2 f5 21. Ne5 Bxe5 22. dxe5 Nc6 23. Bd3 Nd4 24. Qf1 f4 25. Re4 fxg3 26. hxg3 Nc6 27. Be3 Ncb4 28. Bb1 Nxe3 29. Rxe3 Qe7 30. Qh3 g5 31. Ng2 Nd5 32. Re4 Rac8 33. Rce1 Rf7 34. Ne3 Nxe3 35. R4xe3 Rcf8 36. R1e2 Bc6 37. Be4 Bxe4 38. Rxe4 Rf5 39. Qh6 R8f7 40. Rd4 b4 41. Red2 Rg7 42. Rd6 Rg6 43. Qh1 Qc7 44. Rd7 1-0

[Event "Budapest Vezerkepzo IM 07"]
[Site "Budapest"]
[Date "2022.07.23"]
[Round "6"]
[White "Mirzoev, Azer"]
[Black "Lyell, Mark"]
[Result "0-1"]
[WhiteElo "2424"]
[BlackElo "2140"]
[PlyCount "98"]
[EventDate "2022.07.18"]
[EventType "tourn"]
[EventRounds "9"]
[EventCountry "HUN"]
[SourceTitle "CBM 209 Extra"]
[Source "ChessBase"]
[SourceDate "2022.09.30"]
[SourceVersion "1"]
[SourceVersionDate "2022.09.30"]
[SourceQuality "1"]

1. Nf3 f5 2. d4 Nf6 3. Bf4 e6 4. e3 b6 5. Be2 Bb7 6. 0-0 Be7 7. h3 0-0 8. c4 Ne4 9. Nbd2 Nxd2 10. Qxd2 d6 11. Rac1 Nd7 12. Rfd1 g5 13. Bg3 Rf7 14. b4 Rg7 15. Qc2 Be4 16. Qb3 Nf6 17. d5 e5 18. Nd2 f4 19. Nxe4 Nxe4 20. Bh2 Kh8 21. Bd3 Nf6 22. Bf5 Qf8 23. Be6 Bd8 24. Qd3 Nd7 25. a3 Qf6 26. Bg4 Qf7 27. Kh1 h5 28. Be6 Qf6 29. Qe2 Qg6 30. Qc2 Qxc2 31. Rxc2 Nf8 32. Bf5 g4 33. exf4 exf4 34. Rd4 g3 35. Bg1 Rf7 36. Bd3 a5 37. b5 Kg7 38. Re2 Bg5 39. fxg3 fxg3 40. Rde4 Nd7 41. h4 Bf4 42. Re6 Ne5 43. Bc2 Rg8 44. a4 Kf8 45. Bd4 Rg4 46. Kg1 Rxh4 47. c5 bxc5 48. Bc3 Be3+ 49. Rxe3 Rh1+ 0-1

[Event "Budapest FS07 IM"]
[Site "Budapest"]
[Date "2022.07.11"]
[Round "8"]
[White "Lyell, Mark"]
[Black "Fishchuk, Vladyslav"]
[Result "1-0"]
[WhiteElo "2140"]
[BlackElo "2309"]
[PlyCount "77"]
[EventDate "2022.07.02"]
[EventType "tourn"]
[EventRounds "9"]
[EventCountry "HUN"]
[EventCategory "1"]
[SourceTitle "EXT 2023"]
[Source "ChessBase"]
[SourceDate "2022.10.05"]
[SourceVersion "1"]
[SourceVersionDate "2022.10.05"]
[SourceQuality "1"]

1. e4 c5 2. Nc3 Nc6 3. Bb5 Nd4 4. Bc4 a6 5. a3 b5 6. Ba2 g6 7. Nf3 Bg7 8. d3 d6 9. 0-0 e6 10. Nxd4 cxd4 11. Ne2 Ne7 12. Bg5 h6 13. Bd2 d5 14. f3 Bb7 15. Qe1 Rc8 16. Bb3 0-0 17. a4 Qd7 18. Qh4 dxe4 19. fxe4 g5 20. Qh3 Ng6 21. Ng3 Qe7 22. Nh5 Be5 23. axb5 axb5 24. Ra5 Bc6 25. Ra6 Kh7 26. g3 f5 27. exf5 exf5 28. Rxf5 Bd7 29. g4 Bxf5 30. gxf5 Nh4 31. Re6 Qb7 32. Qxh4 Rxf5 33. Qe4 Qxe4 34. dxe4 Bxh2+ 35. Kxh2 Rf2+ 36. Kg3 Rxd2 37. Re7+ Kg6 38. Rg7+ Kxh5 39. Bf7# 1-0

[Event "Budapest FS07 IM"]
[Site "Budapest"]
[Date "2022.07.08"]
[Round "6"]
[White "Lyell, Mark"]
[Black "Xie, Felix"]
[Result "1-0"]
[WhiteElo "2140"]
[BlackElo "2224"]
[PlyCount "79"]
[EventDate "2022.07.02"]
[EventType "tourn"]
[EventRounds "9"]
[EventCountry "HUN"]
[EventCategory "1"]
[SourceTitle "EXT 2023"]
[Source "ChessBase"]
[SourceDate "2022.10.05"]
[SourceVersion "1"]
[SourceVersionDate "2022.10.05"]
[SourceQuality "1"]

1. e4 c6 2. d4 d5 3. f3 e6 4. Nc3 c5 5. Bb5+ Nc6 6. Nge2 a6 7. Bxc6+ bxc6 8. Be3 cxd4 9. Bxd4 c5 10. Bf2 d4 11. Nb1 e5 12. Nd2 Bd6 13. Nc4 Bc7 14. Bg3 f6 15. f4 Bb7 16. Qd3 f5 17. fxe5 Bxe4 18. Qb3 g5 19. Nd6+ Bxd6 20. exd6 Qf6 21. h4 g4 22. 0-0 Nh6 23. Nf4 Qxd6 24. Ne6 Qc6 25. Nc7+ Kd7 26. Nxa8 Rxa8 27. Rf2 Rf8 28. Re1 Ng8 29. Qc4 Nf6 30. Be5 Nh5 31. b4 g3 32. Rd2 Bxg2 33. bxc5 Be4 34. Rxd4+ Ke8 35. Red1 Nf6 36. Rd6 Qc8 37. Bxf6 Rxf6 38. Rxf6 Qc7 39. Qe6+ Qe7 40. Qg8+ 1-0

[Event "Budapest Vezerkepzo IM 06"]
[Site "Budapest"]
[Date "2022.06.24"]
[Round "9"]
[White "Lyell, Mark"]
[Black "Juhasz, Agoston Botond"]
[Result "1/2-1/2"]
[WhiteElo "2153"]
[BlackElo "2364"]
[PlyCount "79"]
[EventDate "2022.06.16"]
[EventType "tourn"]
[EventRounds "9"]
[EventCountry "HUN"]
[SourceTitle "CBM 209 Extra"]
[Source "ChessBase"]
[SourceDate "2022.09.30"]
[SourceVersion "1"]
[SourceVersionDate "2022.09.30"]
[SourceQuality "1"]

1. e4 c5 2. Nc3 Nc6 3. Bb5 Nd4 4. Bc4 e6 5. Nge2 a6 6. a3 b5 7. Ba2 Bb7 8. 0-0 g6 9. d3 Bg7 10. Be3 Ne7 11. Qd2 0-0 12. Rae1 Qb6 13. Kh1 a5 14. Nd1 b4 15. c3 Nxe2 16. Rxe2 d5 17. exd5 Nxd5 18. Bh6 Bxh6 19. Qxh6 bxa3 20. bxa3 Qc6 21. f3 Rfd8 22. Bc4 Ba6 23. Nf2 Bxc4 24. dxc4 Nf6 25. Qg5 Kg7 26. Ne4 Nxe4 27. fxe4 Rd7 28. h4 h5 29. Qf6+ Kh7 30. g4 Rg8 31. gxh5 Qd6 32. Rg2 Qd3 33. hxg6+ Rxg6 34. Rxg6 fxg6 35. Qf3 Qd2 36. Rg1 Qh6 37. Rg3 Qc1+ 38. Rg1 Qh6 39. Rg3 Qc1+ 40. Rg1 1/2-1/2

[Event "Budapest Vezerkepzo IM 06"]
[Site "Budapest"]
[Date "2022.06.20"]
[Round "5"]
[White "Lyell, Mark"]
[Black "To, Nhat Minh"]
[Result "0-1"]
[WhiteElo "2153"]
[BlackElo "2331"]
[PlyCount "124"]
[EventDate "2022.06.16"]
[EventType "tourn"]
[EventRounds "9"]
[EventCountry "HUN"]
[SourceTitle "CBM 209 Extra"]
[Source "ChessBase"]
[SourceDate "2022.09.30"]
[SourceVersion "1"]
[SourceVersionDate "2022.09.30"]
[SourceQuality "1"]

1. e4 e5 2. Nf3 Nc6 3. Bc4 Bc5 4. b4 Bxb4 5. c3 Ba5 6. d4 d6 7. Qb3 Qd7 8. dxe5 Bb6 9. Qc2 Nxe5 10. Nxe5 dxe5 11. 0-0 Nf6 12. a4 Qe7 13. a5 Bc5 14. Nd2 0-0 15. Nb3 Bd6 16. Qe2 Be6 17. Bg5 c6 18. Rfb1 b5 19. Bd3 a6 20. Be3 Nd7 21. f3 Rfd8 22. Bc2 c5 23. Qf2 c4 24. Nc1 Bc5 25. Na2 Bxe3 26. Qxe3 Qc5 27. Kf2 Qc7 28. Nb4 Nc5 29. Rd1 Rxd1 30. Rxd1 f6 31. Qd2 Nb7 32. Nd5 Qc5+ 33. Qe3 Bxd5 34. exd5 Kf7 35. Be4 Rd8 36. g4 Rd6 37. h4 h6 38. Bf5 Qxe3+ 39. Kxe3 Nxa5 40. Be6+ Ke7 41. f4 exf4+ 42. Kxf4 Nb3 43. Kf5 b4 44. Kg6 bxc3 45. Bf5 Kf8 46. Kh7 Nd2 47. Rc1 Rxd5 48. Rxc3 h5 49. Be6 Rd3 50. Rc1 hxg4 51. Kg6 Nf3 52. Bxc4 Ne5+ 53. Kf5 Rf3+ 54. Ke6 Re3 55. Kf5 Nxc4 56. Rxc4 Kf7 57. Kxg4 Kg6 58. Rc7 Re4+ 59. Kg3 a5 60. Ra7 a4 61. Kh3 f5 62. Kg3 Rg4+ 0-1

[Event "Budapest Vezerkepzo IM 06"]
[Site "Budapest"]
[Date "2022.06.17"]
[Round "2"]
[White "Nemeth, Zalan"]
[Black "Lyell, Mark"]
[Result "1-0"]
[WhiteElo "2177"]
[BlackElo "2153"]
[PlyCount "55"]
[EventDate "2022.06.16"]
[EventType "tourn"]
[EventRounds "9"]
[EventCountry "HUN"]
[SourceTitle "CBM 209 Extra"]
[Source "ChessBase"]
[SourceDate "2022.09.30"]
[SourceVersion "1"]
[SourceVersionDate "2022.09.30"]
[SourceQuality "1"]

1. c4 f5 2. g3 Nf6 3. Bg2 g6 4. d4 Bg7 5. Nc3 0-0 6. Nf3 e6 7. 0-0 d6 8. Qc2 Qe7 9. e4 e5 10. Bg5 Nc6 11. dxe5 dxe5 12. Rfe1 Qf7 13. Bxf6 Bxf6 14. Nd5 f4 15. gxf4 exf4 16. e5 Bd8 17. Qc3 g5 18. Rad1 Bf5 19. h3 Rc8 20. b4 Qg7 21. b5 Ne7 22. Nf6+ Kh8 23. Nd4 c5 24. bxc6 bxc6 25. Be4 Rxf6 26. exf6 Qxf6 27. Bxf5 Nxf5 28. Nxf5 1-0

[Event "Budapest FS06 IM"]
[Site "Budapest"]
[Date "2022.06.14"]
[Round "9"]
[White "Krzywda, Andrzej"]
[Black "Lyell, Mark"]
[Result "1-0"]
[WhiteElo "2247"]
[BlackElo "2153"]
[PlyCount "173"]
[EventDate "2022.06.04"]
[EventType "tourn"]
[EventRounds "9"]
[EventCountry "HUN"]
[SourceTitle "CBM 208 Extra"]
[Source "ChessBase"]
[SourceDate "2022.07.31"]
[SourceVersion "1"]
[SourceVersionDate "2022.07.31"]
[SourceQuality "1"]

1. e4 c6 2. d4 d5 3. exd5 cxd5 4. Bd3 Nc6 5. c3 Qc7 6. Ne2 Bg4 7. 0-0 e6 8. Qe1 Bxe2 9. Qxe2 Nf6 10. Bg5 Bd6 11. g3 h6 12. Be3 0-0 13. Nd2 a6 14. f4 h5 15. h3 g6 16. Nf3 Kg7 17. Ne5 Rh8 18. Kg2 Ne7 19. Bf2 Nf5 20. Rae1 Be7 21. Nxf7 Kxf7 22. Qxe6+ Kf8 23. Bxf5 gxf5 24. Qxf5 Rd8 25. g4 hxg4 26. hxg4 Rd6 27. g5 Qd7 28. Re5 Rh5 29. Rh1 Qxf5 30. Rxf5 Kg8 31. Rxf6 Rxh1 32. Rxd6 Bxd6 33. Kxh1 Bxf4 34. Kg2 Bxg5 35. Kf3 Bc1 36. b3 Kf7 37. Be3 Bb2 38. Bd2 a5 39. a4 Ke6 40. Ke3 Ba3 41. c4 b6 42. c5 bxc5 43. Bxa5 c4 44. b4 Kd7 45. Kd2 Kc6 46. Kc3 Kb7 47. Bd8 Bc1 48. Be7 Be3 49. Bh4 Kb6 50. Bg3 Ka6 51. Bd6 Bf2 52. Bc5 Bg3 53. Kd2 Bf4+ 54. Kc2 Bg3 55. Be7 Bf4 56. b5+ Kb6 57. Bb4 Be3 58. Bc3 Bf4 59. Kd1 Kc7 60. Ke2 Kd7 61. Kf3 Bc7 62. a5 Bd8 63. Kf4 Ke6 64. Kg4 Bc7 65. Bb4 Bd8 66. Kf4 Bc7+ 67. Kg5 Bd8+ 68. Kg6 Bf6 69. Bc3 Bd8 70. Kg7 Bf6+ 71. Kf8 Kd7 72. Kf7 Bd8 73. Bb4 Bc7 74. b6 Bd8 75. Bc3 Bg5 76. Kg6 Be7 77. Kf5 Kc6 78. Ke6 Bg5 79. Kf7 Kd7 80. a6 Kc6 81. a7 Kb7 82. Ke8 Bf4 83. Kd7 Bg3 84. Bb4 Bf4 85. Bd6 Bxd6 86. Kxd6 c3 87. a8Q+ 1-0

[Event "Budapest FS06 IM"]
[Site "Budapest"]
[Date "2022.06.11"]
[Round "7"]
[White "Mifsud, Timothy"]
[Black "Lyell, Mark"]
[Result "1-0"]
[WhiteElo "2208"]
[BlackElo "2153"]
[PlyCount "103"]
[EventDate "2022.06.04"]
[EventType "tourn"]
[EventRounds "9"]
[EventCountry "HUN"]
[SourceTitle "CBM 208 Extra"]
[Source "ChessBase"]
[SourceDate "2022.07.31"]
[SourceVersion "1"]
[SourceVersionDate "2022.07.31"]
[SourceQuality "1"]

1. e4 e6 2. d4 d5 3. Nc3 Nf6 4. Bg5 Bb4 5. Nge2 dxe4 6. a3 Be7 7. Bxf6 gxf6 8. Nxe4 b6 9. g3 f5 10. N4c3 Bb7 11. d5 Qd7 12. Qd4 0-0 13. Rg1 c5 14. Qf4 exd5 15. g4 Kh8 16. gxf5 Qd6 17. 0-0-0 d4 18. Qg4 Qh6+ 19. Kb1 dxc3 20. Rd3 Bf6 21. Rh3 Qd2 22. bxc3 Be4 23. Qxe4 Nd7 24. Qg4 Ne5 25. Qh5 Qd1+ 26. Nc1 Qxh5 27. Rxh5 Rg8 28. Rg3 Rxg3 29. hxg3 Rd8 30. Be2 Rd2 31. Rh1 Nc6 32. Kb2 Kg7 33. f4 Ne7 34. g4 Nd5 35. g5 Bxc3+ 36. Kb3 Bd4 37. f6+ Kg8 38. Bd3 Nxf4 39. Bxh7+ Kf8 40. Bf5 Ng6 41. Bxg6 fxg6 42. Nd3 b5 43. Rh8+ Kf7 44. Rh7+ Kf8 45. Nf4 Rf2 46. Nxg6+ Ke8 47. Re7+ Kd8 48. f7 Rf3+ 49. Ka2 Rf1 50. c3 Rf2+ 51. Kb1 Bg7 52. Rxa7 1-0

[Event "Budapest FS06 IM"]
[Site "Budapest"]
[Date "2022.06.05"]
[Round "2"]
[White "Farago, Sandor"]
[Black "Lyell, Mark"]
[Result "1/2-1/2"]
[WhiteElo "2143"]
[BlackElo "2153"]
[PlyCount "113"]
[EventDate "2022.06.04"]
[EventType "tourn"]
[EventRounds "9"]
[EventCountry "HUN"]
[SourceTitle "CBM 208 Extra"]
[Source "ChessBase"]
[SourceDate "2022.07.31"]
[SourceVersion "1"]
[SourceVersionDate "2022.07.31"]
[SourceQuality "1"]

1. e4 e5 2. Nf3 Nc6 3. Bb5 a6 4. Ba4 f5 5. d3 fxe4 6. dxe4 Nf6 7. Bg5 d6 8. Nc3 Be7 9. Bxf6 Bxf6 10. Qd5 Qd7 11. 0-0-0 b5 12. Bb3 Bb7 13. Qe6+ Qxe6 14. Bxe6 Nd8 15. Bd5 c6 16. Bb3 Ke7 17. g4 Ne6 18. h4 g6 19. g5 Bg7 20. Bxe6 Kxe6 21. h5 Raf8 22. Rd3 Rf4 23. a3 d5 24. h6 Bf8 25. exd5+ cxd5 26. Re1 Bd6 27. Nd4+ Kd7 28. Nb3 d4 29. Nd1 Rc8 30. Nd2 Bd5 31. Kb1 Bc4 32. Rg3 Bd5 33. Rd3 Rcf8 34. c3 R8f5 35. cxd4 exd4 36. f3 Rxg5 37. Nf2 Re5 38. Nfe4 Bxe4 39. Nxe4 Rd5 40. Red1 Be5 41. Nc3 Rd6 42. Ne4 Rc6 43. Ng5 Rh4 44. Nxh7 Rxh6 45. Ng5 Rh2 46. f4 Bf6 47. Nf3 Rf2 48. Nxd4 Bxd4 49. Rxd4+ Ke6 50. Re1+ Kf6 51. Ree4 a5 52. Rd5 Rf1+ 53. Ka2 Rb6 54. Red4 Ke6 55. Re5+ Kf7 56. Red5 Ke6 57. Re5+ 1/2-1/2